000 00695nam a2200265Ia 4500
005 20260121171106.0
008 008 260114s9999 xx 000 0 eng d
020 _a9789811329777
037 _aEBOOK
040 _aCRL
040 _beng
040 _cCRL
041 _2eng
041 _aeng
084 _qCRL
100 _aToshitaka Oohashi, Hirokazu Tsukahara, Francesco Ramirez, Chad L. Barber, Fumio Otsuka
_91071933
245 0 _aHuman Pathobiochemistry
260 _bSpringer
260 _bSpringer
260 _c2019
856 _uhttps://link.springer.com/openurl?genre=book&isbn=978-981-13-2977-7
942 _cEBOOK
999 _c1637663
_d1637663